000 00786nam a2200265Ia 4500
003 OSt
005 20220930204217.0
006 a|||||r|||| 00| 0
007 ta
008 220926b |||||||| |||| 00| 0 hin d
024 _a82472
037 _cDissertations
040 _aCRL
_cCRL
_bhin
041 _2hin
_ahin
100 _aSeema Sunyana
_9566723
110 _aUniversity of Delhi. Faculty of Arts. Department of Hindi
245 0 _aKauee baat nahin
_b Ek jeevan sangarsh
260 _c2004
300 _a101p.
_ccm.
650 _aHINDI LITERATURE
_923866
700 _a Dr. Hari Mohan Sharma Gu.
700 _aUniversity of Delhi. Faculty of Arts. Department of Hindi
942 _cDIS
_2CC
999 _c905737
_d905737